[Event "Tournoi francophone 020B"]
[Site "Skype"]
[Date "????.??.??"]
[Round "7.1"]
[White "Pouteau, Pascal"]
[Black "Guillaume, Mickael"]
[Result "0-1"]
[WhiteElo "1349"]
[BlackElo "1126"]
[PlyCount "54"]

1. Nf3 d5 2. d4 Nf6 3. Bg5 Ne4 4. Bf4 Bf5 5. h3 e6 6. Nbd2 Bd6 7. Bxd6 Qxd6 8.
e3 Nd7 9. Nh4 Bg6 10. Nxg6 hxg6 11. Nxe4 dxe4 12. Be2 O-O-O 13. c3 Kb8 14. Qc2
f5 15. Qb3 Qb6 16. Qc2 Nf6 17. a4 c5 18. a5 Qc6 19. Ra4 Nd7 20. Qb3 cxd4 21.
Bb5 Nc5 22. Qb4 Qc7 23. Ra1 dxe3 24. O-O Nd3 25. Qb3 exf2+ 26. Kh1 e3 27. Qxe6
Qg3 0-1

[Event "Tournoi francophone 020B"]
[Site "Skype"]
[Date "????.??.??"]
[Round "7.2"]
[White "Sauvaget, Joel"]
[Black "Marino, Giuseppe"]
[Result "0-1"]
[WhiteElo "1255"]
[BlackElo "1335"]
[PlyCount "72"]

1. e4 e5 2. d3 Nf6 3. Nf3 d6 4. Be2 Be7 5. O-O O-O 6. Nbd2 c6 7. Re1 Nbd7 8.
Nf1 Qc7 9. Bd2 b5 10. a3 Nc5 11. Ng3 Re8 12. Rf1 d5 13. exd5 cxd5 14. Ne1 Bb7
15. Nh5 Qc6 16. Nxf6+ Bxf6 17. Qc1 d4 18. Bf3 Qd6 19. Bxb7 Nxb7 20. Nf3 Nc5 21.
Re1 Rac8 22. Bg5 Nxd3 23. Qd2 Nxe1 24. Rxe1 Bxg5 25. Nxg5 Qg6 26. Nf3 Rxc2 27.
Qb4 a6 28. Nxe5 Qf6 29. f4 Qxf4 30. Nf3 Rc1 31. Rxc1 Qxc1+ 32. Kf2 d3 33. Kg3
Qe3 34. h3 Rd8 35. Kh2 d2 36. Qh4 d1=Q 0-1

[Event "Tournoi francophone 020B"]
[Site "Skype"]
[Date "????.??.??"]
[Round "7.3"]
[White "Abdulrazzaq, Mohsen"]
[Black "Le Brun, Yves"]
[Result "1-0"]
[WhiteElo "1371"]
[BlackElo "1331"]
[PlyCount "99"]

1. e4 e6 2. d4 d5 3. e5 c5 4. c3 cxd4 5. cxd4 a6 6. Nf3 Bb4+ 7. Nbd2 Nc6 8. a3
Ba5 9. b4 Bb6 10. Bb2 Nge7 11. Bd3 Bd7 12. Nb3 Nf5 13. Nc5 Bxc5 14. bxc5 Nh4
15. O-O Nxf3+ 16. Qxf3 Na5 17. Qd1 Bc6 18. Rb1 Nc4 19. Re1 Qa5 20. Bxc4 dxc4
21. Qc2 Qa4 22. Qc1 Bd5 23. Bc3 Qc6 24. Re3 Bxg2 25. Rb6 Qd5 26. Rd6 O-O 27.
Rxd5 Bxd5 28. Rg3 f5 29. exf6 Rxf6 30. Qg5 Rf7 31. Bb4 Kh8 32. Qh5 Rf5 33. Qe2
a5 34. Bd2 Raf8 35. Be3 R8f6 36. Bg5 Rg6 37. Qe3 h6 38. Bh4 Kh7 39. Rxg6 Kxg6
40. Qg3+ Kh7 41. Qc3 Rf4 42. Bg3 Rf3 43. Qxa5 Rb3 44. f4 Rb2 45. Bf2 Rb1+ 46.
Be1 Rb2 47. Bd2 Rb1+ 48. Kf2 Rb3 49. Bc3 Rb5 50. Qxb5 1-0

[Event "Tournoi francophone 020B"]
[Site "Skype"]
[Date "????.??.??"]
[Round "7.4"]
[White "Duthoit, Bernard"]
[Black "Gadow, Martin"]
[Result "1-0"]
[WhiteElo "1320"]
[BlackElo "1467"]
[PlyCount "87"]

1. e4 c5 2. Nf3 Nc6 3. c3 Nf6 4. d3 d6 5. Bg5 e6 6. d4 cxd4 7. cxd4 Be7 8. Nc3
a6 9. Be2 O-O 10. O-O b5 11. a3 Bb7 12. b4 Rc8 13. Rc1 Nd7 14. Bxe7 Qxe7 15.
Re1 Nb6 16. d5 exd5 17. exd5 Ne5 18. Nxe5 Qxe5 19. Bxb5 Qg5 20. Bf1 Nxd5 21.
Ne4 Qg6 22. Rxc8 Rxc8 23. g3 h5 24. Bg2 f5 25. Nd2 Nc3 26. Qb3+ d5 27. Nf3 Kh7
28. Ne5 Qh6 29. Nd3 Qd2 30. Bf1 f4 31. Re7 Ba8 32. Nc5 Ne4 33. Nxe4 dxe4 34.
Qf7 Qd4 35. Qf5+ Kh6 36. Qxc8 Bd5 37. Qh8+ Kg6 38. Qe8+ Kh6 39. Re5 Qd1 40. Qd7
fxg3 41. Qd6+ Kh7 42. hxg3 Bb3 43. Qxd1 Bxd1 44. Rxe4 1-0

[Event "Tournoi francophone 020B"]
[Site "Skype"]
[Date "????.??.??"]
[Round "7.5"]
[White "Trivedi, Viral"]
[Black "Gharbi, Said"]
[Result "1-0"]
[WhiteElo "1261"]
[BlackElo "1252"]
[PlyCount "51"]

1. d4 c5 2. Bf4 e6 3. e3 d5 4. Nf3 Bd6 5. Ne5 Qa5+ 6. c3 Bxe5 7. Bxe5 f6 8. Bg3
c4 9. Nd2 Ne7 10. e4 O-O 11. exd5 exd5 12. Bd6 Nbc6 13. Be2 Rd8 14. O-O Rxd6
15. Bxc4 Be6 16. Bd3 Bf5 17. Nb3 Qc7 18. Bxf5 Nxf5 19. Re1 Qd7 20. Nc5 Qc8 21.
Qf3 b6 22. Nd3 Re6 23. Qxd5 Nd8 24. Nf4 Qc6 25. Qxf5 Re4 26. Rxe4 1-0

[Event "Tournoi francophone 020B"]
[Site "Skype"]
[Date "????.??.??"]
[Round "8.2"]
[White "Gadow, Martin"]
[Black "Trivedi, Viral"]
[Result "1/2-1/2"]
[WhiteElo "1467"]
[BlackElo "1261"]
[PlyCount "44"]

1. Nf3 e6 2. d4 f5 3. e3 Nf6 4. Nbd2 d5 5. Be2 Bd6 6. Ne5 O-O 7. O-O c6 8. c4
Nbd7 9. Nxd7 Bxd7 10. c5 Bb8 11. f4 Be8 12. Nf3 Bh5 13. Ng5 Bf7 14. Bd2 Ne4 15.
Nxf7 Rxf7 16. Be1 b6 17. b4 a5 18. a3 axb4 19. axb4 Rxa1 20. Qxa1 bxc5 21. bxc5
Ra7 22. Qb2 Qc7 1/2-1/2

[Event "Tournoi francophone 020B"]
[Site "Skype"]
[Date "????.??.??"]
[Round "8.5"]
[White "Pouteau, Pascal"]
[Black "Sauvaget, Joel"]
[Result "1/2-1/2"]
[WhiteElo "1349"]
[BlackElo "1255"]
[PlyCount "74"]

1. Nf3 d5 2. d4 Nf6 3. c4 e6 4. Nc3 c6 5. Qc2 Be7 6. Bg5 h6 7. Bf4 Nbd7 8. e3
Nh5 9. Bg3 Nxg3 10. hxg3 Nf6 11. Be2 Bd7 12. Ne5 Bd6 13. g4 Ng8 14. f4 Qe7 15.
Nxd7 Qxd7 16. Qa4 a6 17. c5 Bb8 18. Qc2 Ba7 19. Na4 O-O-O 20. Qc3 Nf6 21. Qa5
Kb8 22. Qb4 Ka8 23. O-O-O Ne4 24. Rh3 Nf2 25. Nb6+ Bxb6 26. cxb6 Nxd1 27. Kxd1
Rc8 28. Qa5 Kb8 29. Qc5 Rhd8 30. a4 Qd6 31. Qc2 c5 32. Qd2 c4 33. a5 Rc6 34. e4
Rdc8 35. e5 Qd7 36. Rc3 Qe7 37. Ra3 Qh4 1/2-1/2